| 000 | 00381 a2200157 4500 | ||
|---|---|---|---|
| 003 | Nust | ||
| 005 | 20170207153550.0 | ||
| 040 | _cNust | ||
| 082 | _a005.1 | ||
| 100 | _aAhmed,Riaz MSCS | ||
| 245 |
_aImplementation of An Image Database For The Geographical Features of Maps _cRiaz Ahmed MSCS |
||
| 260 |
_bMCS _c1999 |
||
| 300 | _a101:p | ||
| 538 | _aT2 and Shelf No 1 | ||
| 650 | _aMCS | ||
| 942 | _cTHS | ||
| 999 |
_c188802 _d188802 |
||